|
|
|
|
| LEADER |
00000cam a2200000 7i4500 |
| 001 |
0000076608 |
| 005 |
20171114.0 |
| 008 |
171114 |
| 020 |
|
|
|a 9838320773 (set)
|
| 020 |
|
|
|a 9838320870
|
| 090 |
0 |
0 |
|a JF
|b MAL
|
| 100 |
1 |
|
|a Rosnah M.D.
|
| 245 |
1 |
1 |
|a Terperangkap di pelabuhan
|c Rosnah M.D.;Sulaiman
|
| 260 |
|
|
|a Kuala lumpur :
|b Pustaka printis ,
|c 1992
|
| 490 |
1 |
|
|a Siri cerita wira negara
|
| 999 |
|
|
|a 0000333991
|b Book
|c Children Collection
|e Cawangan Pontian
|
| 999 |
|
|
|a 0000494345
|b Book
|c Children Collection
|e Cawangan Pontian
|
| 999 |
|
|
|a 0000494352
|b Book
|c Children Collection
|e Cawangan Pontian
|